000 00511nam a22001577a 4500
003 macl
005 20201023151717.0
008 201023b xxu||||| |||| 00| 0 eng d
040 _cmacl
082 _a200
100 _aसिंह रघुवीर
_948338
245 _aबदलते जीवन मूल्‍य और बाैद्ध धर्म
260 _aदिल्‍ली
_bपूजा साहित्‍य सदन
_c2020
650 _aधर्म
_980440
942 _2ddc
_cHIN
999 _c63801
_d63801